[Event "4. Torneo de Promoción de Almansa A"]
[Site "Almansa ESP"]
[Date "2009.08.12"]
[Round "4.5"]
[White "Sanchez Saez, Francisco"]
[Black "Nava Pereda, Carlos"]
[Result "1-0"]
[WhiteElo "2183"]
[BlackElo "2258"]
[PlyCount "116"]
[EventDate "2009.08.10"]
[EventType "swiss"]
[EventRounds "9"]
[EventCountry "ESP"]
[Source "lmi"]
[SourceDate "2009.08.10"]

1. e4 c5 2. Nf3 Nc6 3. d4 cxd4 4. Nxd4 e5 5. Nb5 d6 6. c4 Be7 7. Nd2 a6 8. Nc3
f5 9. exf5 Bxf5 10. Nde4 Nf6 11. Bd3 Nxe4 12. Bxe4 O-O 13. O-O Kh8 14. Be3 Bxe4
15. Nxe4 b5 16. Qe2 bxc4 17. Qxc4 Rc8 18. Rad1 Nd4 19. Qd5 Nf5 20. Bd2 Qe8 21.
Rc1 Nd4 22. Rxc8 Qxc8 23. Nxd6 Bxd6 24. Qxd6 Ne2+ 25. Kh1 Rd8 26. Qb4 Rd4 27.
Qa5 Qd7 28. Be1 Qb5 29. Qxb5 axb5 30. g3 Rd1 31. Kg2 Rb1 32. Bc3 Nxc3 33. bxc3
Rb2 34. Re1 Kg8 35. Rxe5 Kf7 36. Kf3 Kf6 37. Rc5 Ke6 38. Ke3 Kd6 39. Rg5 g6 40.
h4 Kc6 41. h5 gxh5 42. Rxh5 Rxa2 43. f4 Ra3 44. Kd4 Ra4+ 45. Kd3 b4 46. Rh6+
Kd5 47. c4+ Kc5 48. Rh5+ Kc6 49. Kd4 Ra3 50. Rh6+ Kc7 51. Rxh7+ Kc6 52. Rh6+
Kc7 53. g4 Rf3 54. f5 b3 55. Kc5 Rg3 56. Rh7+ Kd8 57. f6 Ke8 58. Rb7 Rxg4 1-0

[Event "4. Torneo de Promoción de Almansa A"]
[Site "Almansa ESP"]
[Date "2009.08.12"]
[Round "4.6"]
[White "Ferrer Moreno, Jose"]
[Black "Gil Quilez, David"]
[Result "0-1"]
[WhiteElo "2242"]
[BlackElo "2163"]
[PlyCount "74"]
[EventDate "2009.08.10"]
[EventType "swiss"]
[EventRounds "9"]
[EventCountry "ESP"]
[Source "lmi"]
[SourceDate "2009.08.10"]

1. d4 f5 2. Bg5 Nf6 3. Bxf6 exf6 4. e3 d5 5. Bd3 Be6 6. Qf3 Qd7 7. Ne2 Nc6 8.
a3 Bd6 9. Nbc3 g5 10. h3 O-O-O 11. Nxd5 Bxd5 12. Qxf5 Bxg2 13. Rg1 Bxh3 14.
Qxf6 Be7 15. Qh6 Bf5 16. O-O-O Bxd3 17. Rxd3 Qf5 18. Qh2 Bd6 19. Qg2 Rdf8 20.
Ng3 Qxf2 21. Qxf2 Rxf2 22. Ne4 Rf5 23. Rxg5 Rxg5 24. Nxg5 h5 25. Rd1 h4 26. Nf7
Rh7 27. Nxd6+ cxd6 28. Kd2 h3 29. Rh1 h2 30. Ke2 d5 31. Kf2 Rh3 32. c3 Na5 33.
e4 dxe4 34. Kg2 Rh7 35. Re1 h1=Q+ 36. Rxh1 Rxh1 37. Kxh1 Nc4 0-1

[Event "4. Torneo de Promoción de Almansa A"]
[Site "Almansa ESP"]
[Date "2009.08.12"]
[Round "5.1"]
[White "Chueca Forcen, Alberto"]
[Black "Vazquez Torres, Adrian"]
[Result "1/2-1/2"]
[WhiteElo "2288"]
[BlackElo "2149"]
[PlyCount "95"]
[EventDate "2009.08.10"]
[EventType "swiss"]
[EventRounds "9"]
[EventCountry "ESP"]
[Source "lmi"]
[SourceDate "2009.08.10"]

1. d4 Nf6 2. Bg5 d6 3. Bxf6 gxf6 4. Nc3 e5 5. e3 Bg7 6. Qh5 d5 7. O-O-O Be6 8.
e4 c6 9. exd5 cxd5 10. dxe5 fxe5 11. Nxd5 Bxd5 12. Bc4 Qf6 13. Bxd5 Nc6 14. Qf3
O-O-O 15. Qxf6 Bxf6 16. Nf3 Nd4 17. Nxd4 Rxd5 18. Nf5 Bg5+ 19. Ne3 Rhd8 20.
Rxd5 Rxd5 21. Rd1 Rd4 22. Rf1 f5 23. Kb1 Bxe3 24. fxe3 Rd2 25. b3 Rxg2 26. Rxf5
Rxh2 27. Rxe5 h5 28. Re7 h4 29. Kb2 h3 30. Rh7 Rh1 31. Kc3 h2 32. Kd2 b5 33. a3
a5 34. b4 a4 35. e4 Kd8 36. Kc3 Ke8 37. e5 Kf8 38. e6 Ke8 39. Kb2 Kd8 40. Ka2
Ke8 41. Kb2 Kd8 42. Kc3 Ke8 43. Kb2 Kd8 44. Kc3 Ke8 45. Rd7 Kf8 46. Rd2 Ke7 47.
Re2 Ke8 48. Kd2 1/2-1/2

[Event "4. Torneo de Promoción de Almansa A"]
[Site "Almansa ESP"]
[Date "2009.08.12"]
[Round "5.2"]
[White "Cruz Lledo, Pablo"]
[Black "Longa Yauca, Javier"]
[Result "0-1"]
[WhiteElo "2190"]
[BlackElo "2293"]
[PlyCount "172"]
[EventDate "2009.08.10"]
[EventType "swiss"]
[EventRounds "9"]
[EventCountry "ESP"]
[Source "lmi"]
[SourceDate "2009.08.10"]

1. d4 d5 2. c4 e6 3. Nc3 Nf6 4. cxd5 exd5 5. Bg5 c6 6. Qc2 Be7 7. e3 Nbd7 8.
Bd3 O-O 9. Nf3 Re8 10. O-O Nf8 11. Bxf6 Bxf6 12. b4 Bg4 13. Nd2 Rc8 14. Nb3 b6
15. Rae1 g6 16. f3 Be6 17. Ne2 Be7 18. Qd2 Nd7 19. Nf4 Nf8 20. Rc1 Bd6 21. g3
Qg5 22. Rfe1 Bd7 23. a3 Re7 24. Ng2 Rce8 25. e4 Qxd2 26. Nxd2 f6 27. f4 Kg7 28.
e5 fxe5 29. fxe5 Bb8 30. Nf4 Ne6 31. Nxe6+ Rxe6 32. h3 R6e7 33. g4 Rf8 34. Re3
Rf4 35. Nf3 Be8 36. Kg2 h6 37. Bb1 Bc7 38. Kg3 Rf8 39. Ba2 a6 40. a4 b5 41. a5
Ref7 42. Bb3 Bd8 43. Bd1 Be7 44. Rb1 Rf4 45. Be2 h5 46. Rd3 Re4 47. Ng1 h4+ 48.
Kg2 Rff4 49. Rbd1 Bxb4 50. Bf3 Re1 51. Ne2 Rxd1 52. Rxd1 Rf8 53. Rb1 Be7 54.
Nc1 g5 55. Nb3 Rf4 56. Rc1 Bb4 57. Rc2 Kf8 58. Rc1 Ke7 59. Rc2 Kd7 60. Re2 Kc7
61. e6 Kd6 62. Re5 Rxd4 63. Rxg5 Rd3 64. Nc1 Rd2+ 65. Ne2 Kxe6 66. Kf1 Bd6 67.
Rg8 Bf7 68. Ra8 Be5 69. Rxa6 Kd6 70. Ra8 Ra2 71. a6 b4 72. Rb8 Kc5 73. Rb7 Bg6
74. a7 Bd3 75. Ke1 Bc4 76. Nc1 Ra1 77. Kf2 Bf4 78. Ne2 Ra2 79. a8=Q Bg3+ 80.
Kg2 Rxa8 81. Nxg3 Ra2+ 82. Kg1 hxg3 83. g5 b3 84. g6 b2 85. g7 Bb5 86. Rxb5+
cxb5 0-1

[Event "4. Torneo de Promoción de Almansa A"]
[Site "Almansa ESP"]
[Date "2009.08.12"]
[Round "5.3"]
[White "Vlashki, Nino"]
[Black "Sanchez Saez, Francisco"]
[Result "1-0"]
[WhiteElo "2262"]
[BlackElo "2183"]
[PlyCount "109"]
[EventDate "2009.08.10"]
[EventType "swiss"]
[EventRounds "9"]
[EventCountry "ESP"]
[Source "lmi"]
[SourceDate "2009.08.10"]

1. e4 c5 2. Nf3 d6 3. Bb5+ Bd7 4. Bxd7+ Qxd7 5. c4 e5 6. Nc3 Nc6 7. d3 g6 8. a3
Bg7 9. Rb1 Nge7 10. b4 O-O 11. bxc5 dxc5 12. Nd5 Nxd5 13. cxd5 Nd4 14. Be3 h6
15. Nd2 f5 16. f3 f4 17. Bxd4 cxd4 18. Qb3 Rab8 19. Nc4 Qd8 20. a4 Qh4+ 21. Ke2
Kh7 22. Qb5 Rfc8 23. Rb2 b6 24. Qd7 Qg5 25. Rg1 a6 26. Qg4 Qd8 27. Rgb1 b5 28.
axb5 axb5 29. Nd2 Rc3 30. g3 fxg3 31. hxg3 Qa5 32. f4 Qa3 33. Rb3 Rxb3 34. Rxb3
Qc1 35. Rb1 Qc2 36. f5 Rb6 37. fxg6+ Rxg6 38. Qf5 Qc5 39. g4 Qb6 40. Rc1 Qf6
41. Kf3 Qh4 42. Rg1 Qh3+ 43. Rg3 Qh1+ 44. Kf2 Qd1 45. Nf3 Qc2+ 46. Kg1 Qc1+ 47.
Kh2 Bf6 48. Nxe5 Bxe5 49. Qxe5 Qd2+ 50. Rg2 Qxd3 51. d6 Rg5 52. Qf4 Qa3 53. Rc2
Qa8 54. Rc7+ Rg7 55. Qf5+ 1-0

[Event "4. Torneo de Promoción de Almansa A"]
[Site "Almansa ESP"]
[Date "2009.08.12"]
[Round "5.4"]
[White "Gil Quilez, David"]
[Black "Castano, Henry Augusto"]
[Result "0-1"]
[WhiteElo "2163"]
[BlackElo "2203"]
[PlyCount "108"]
[EventDate "2009.08.10"]
[EventType "swiss"]
[EventRounds "9"]
[EventCountry "ESP"]
[Source "lmi"]
[SourceDate "2009.08.10"]

1. e4 e5 2. Nf3 Nc6 3. Bc4 Nf6 4. d3 Be7 5. O-O O-O 6. a4 d6 7. c3 Na5 8. Ba2
c5 9. Re1 Nc6 10. Nbd2 h6 11. Nf1 Re8 12. h3 Bf8 13. Ng3 g6 14. Be3 Qc7 15. Nh2
Qe7 16. f4 exf4 17. Bxf4 Be6 18. Bxe6 Qxe6 19. Ng4 Nxg4 20. Qxg4 Qxg4 21. hxg4
g5 22. Nh5 gxf4 23. Nf6+ Kg7 24. Nxe8+ Rxe8 25. Rf1 Be7 26. Rxf4 Ne5 27. Rd1
Bg5 28. Rff1 Nxg4 29. Rde1 c4 30. dxc4 Ne3 31. Rf2 Rxe4 32. Rfe2 f5 33. Kf2
Ng4+ 34. Kg3 Rxc4 35. Rd1 Bf4+ 36. Kh3 Be5 37. a5 Kg6 38. g3 Nf6 39. Rd3 Ne4
40. Kg2 h5 41. Rc2 Ra4 42. b4 Ra3 43. Rf3 Bxc3 44. b5 Rxa5 45. b6 Be5 46. bxa7
Rxa7 47. Rb3 Bxg3 48. Rxg3+ Nxg3 49. Kxg3 Kg5 50. Rd2 Ra3+ 51. Kg2 Kg4 52. Rxd6
Ra2+ 53. Kg1 f4 54. Rd3 Rb2 0-1

[Event "4. Torneo de Promoción de Almansa A"]
[Site "Almansa ESP"]
[Date "2009.08.12"]
[Round "5.5"]
[White "Jimenez Martinez, Jose Vicente"]
[Black "Machin Arbelo, Pedro Alexis"]
[Result "1/2-1/2"]
[WhiteElo "2235"]
[BlackElo "2026"]
[PlyCount "147"]
[EventDate "2009.08.10"]
[EventType "swiss"]
[EventRounds "9"]
[EventCountry "ESP"]
[Source "lmi"]
[SourceDate "2009.08.10"]

1. d4 e6 2. c4 Nf6 3. Nf3 d5 4. Nc3 Bb4 5. cxd5 exd5 6. Bg5 h6 7. Bxf6 Bxc3+ 8.
bxc3 Qxf6 9. e3 O-O 10. Be2 c5 11. O-O Nc6 12. dxc5 Qxc3 13. Rc1 Qb4 14. Qc2
Rd8 15. Rfd1 Qe4 16. Qb2 Qe7 17. Qb3 d4 18. Bc4 Na5 19. Qd3 Nxc4 20. Rxc4 Be6
21. Rxd4 Rdc8 22. h3 Rxc5 23. Qe4 Rc7 24. a4 Bb3 25. Qxe7 Rxe7 26. Rb1 Bc2 27.
Rb2 Rc8 28. Nd2 Rec7 29. g4 Bg6 30. Kg2 b6 31. Nf3 f6 32. Nh4 Be8 33. Nf5 Bc6+
34. Kg3 Kf8 35. Rbd2 Be8 36. h4 h5 37. g5 Rc4 38. gxf6 gxf6 39. Nd6 Rxd4 40.
Rxd4 Rd8 41. Kf4 Bg6 42. e4 Ke7 43. e5 fxe5+ 44. Kxe5 Bc2 45. f4 Rg8 46. Rc4
Rg2 47. Rc7+ Kd8 48. Rxa7 Re2+ 49. Kd5 Bb3+ 50. Kc6 Rc2+ 51. Kxb6 Bd5 52. Nf7+
Ke8 53. Ne5 Rf2 54. Kc5 Be4 55. Rf7 Bg6 56. Rf6 Bc2 57. a5 Ke7 58. Rf7+ Ke6 59.
a6 Be4 60. Kd4 Bf5 61. Ke3 Ra2 62. a7 Ra3+ 63. Kd2 Be4 64. Kc1 Ra5 65. Rg7 Ra2
66. Kd1 Kf5 67. Rf7+ Ke6 68. Ke1 Bg6 69. Rb7 Be4 70. Rb6+ Kf5 71. Rh6 Kxf4 72.
Rxh5 Rxa7 73. Kd2 Re7 74. Kc3 1/2-1/2

[Event "4. Torneo de Promoción de Almansa A"]
[Site "Almansa ESP"]
[Date "2009.08.12"]
[Round "5.6"]
[White "Navarro Lopez-Menchero, Daniel"]
[Black "Serna Lara, Sergio"]
[Result "0-1"]
[WhiteElo "2024"]
[BlackElo "2234"]
[PlyCount "138"]
[EventDate "2009.08.10"]
[EventType "swiss"]
[EventRounds "9"]
[EventCountry "ESP"]
[Source "lmi"]
[SourceDate "2009.08.10"]

1. e4 e6 2. d4 d5 3. Nc3 Bb4 4. e5 c5 5. a3 Bxc3+ 6. bxc3 Nc6 7. Qg4 g6 8. Nf3
Qa5 9. Bd2 Qa4 10. Ra2 Bd7 11. Qf4 c4 12. h4 h6 13. Nh2 Qb5 14. Bc1 O-O-O 15.
Be2 Rf8 16. O-O Qa5 17. Bb2 Qa4 18. Qd2 f5 19. f4 Nge7 20. Nf3 Kb8 21. Kf2 Nc8
22. Raa1 Nb6 23. Rh1 Be8 24. Rhg1 Rh7 25. Rh1 Rg8 26. Rhg1 Ka8 27. Rh1 Nc8 28.
Rhg1 b5 29. Rh1 Nb6 30. Qd1 Qa5 31. Qd2 Na4 32. Rhb1 Nd8 33. Kf1 Nf7 34. Bc1
Qxc3 35. Qd1 Qa5 36. Bd2 c3 37. Bc1 a6 38. Kf2 Nd8 39. Rb3 Qc7 40. Rab1 Nb7 41.
Ra1 Na5 42. Rb4 Bc6 43. Qe1 Bb7 44. Bd3 Nc4 45. Bxc4 dxc4 46. Rxa4 bxa4 47.
Qxc3 Bd5 48. Rb1 Qc6 49. Bd2 Rb7 50. Rb4 Rgb8 51. Qe3 Rxb4 52. Bxb4 Rxb4 53.
axb4 c3 54. Qc1 Qc4 55. Qa3 Bc6 56. Kg3 Kb7 57. h5 gxh5 58. Kh4 Kb6 59. Ne1
Qxd4 60. Nd3 Bb5 61. Nc5 Qxf4+ 62. Kh3 Qe3+ 63. Kh2 Qxe5+ 64. Kh1 h4 65. Qc1 h3
66. Qxh6 hxg2+ 67. Kxg2 Qe2+ 68. Kg3 Qe1+ 69. Kf3 Bc6+ 0-1

[Event "4. Torneo de Promoción de Almansa A"]
[Site "Almansa ESP"]
[Date "2009.08.13"]
[Round "6.1"]
[White "Castano, Henry Augusto"]
[Black "Chueca Forcen, Alberto"]
[Result "0-1"]
[WhiteElo "2203"]
[BlackElo "2288"]
[PlyCount "70"]
[EventDate "2009.08.10"]
[EventType "swiss"]
[EventRounds "9"]
[EventCountry "ESP"]
[Source "lmi"]
[SourceDate "2009.08.10"]

1. d4 Nf6 2. c4 c5 3. d5 e5 4. Nc3 d6 5. e4 Be7 6. Bd3 Nbd7 7. Nf3 Nf8 8. h3
Ng6 9. a3 h5 10. b4 b6 11. bxc5 bxc5 12. Rb1 h4 13. Be2 Bd7 14. Bd2 Nh5 15.
Nxe5 Nxe5 16. Bxh5 Nxc4 17. Be2 Nxd2 18. Qxd2 O-O 19. O-O Qa5 20. Rb7 Bf6 21.
Rxd7 Bxc3 22. Qf4 Be5 23. Qxh4 Qxa3 24. Bg4 Bf6 25. Qh5 g6 26. Qh6 Bg7 27. Qg5
Qb2 28. Rxd6 a5 29. Rc6 a4 30. d6 a3 31. d7 a2 32. Rc8 Qf6 33. Rxf8+ Rxf8 34.
Qxf6 Bxf6 35. e5 Bxe5 0-1

[Event "4. Torneo de Promoción de Almansa A"]
[Site "Almansa ESP"]
[Date "2009.08.13"]
[Round "6.2"]
[White "Longa Yauca, Javier"]
[Black "Serna Lara, Sergio"]
[Result "1/2-1/2"]
[WhiteElo "2293"]
[BlackElo "2234"]
[PlyCount "68"]
[EventDate "2009.08.10"]
[EventType "swiss"]
[EventRounds "9"]
[EventCountry "ESP"]
[Source "lmi"]
[SourceDate "2009.08.10"]

1. d4 d5 2. Nf3 Nf6 3. c4 c6 4. g3 Bf5 5. cxd5 cxd5 6. Qb3 Qc8 7. Nc3 e6 8. Bf4
Nc6 9. Bg2 Be7 10. O-O O-O 11. Rac1 Ne4 12. Rfd1 Nxc3 13. Rxc3 f6 14. Rdc1 Qd7
15. Qa4 g5 16. Be3 Rfc8 17. h4 g4 18. Ne1 a6 19. Qd1 Bb4 20. Rb3 Bd6 21. Qd2
Ne7 22. Rxc8+ Rxc8 23. Nd3 b5 24. Qa5 Rc6 25. Bd2 Be4 26. Rc3 Rxc3 27. Qxc3
Bxg2 28. Kxg2 Qc6 29. e3 Qxc3 30. Bxc3 Nc6 31. b3 Kf7 32. Kf1 Kg6 33. Ke2 h5
34. a4 Nb8 1/2-1/2

[Event "4. Torneo de Promoción de Almansa A"]
[Site "Almansa ESP"]
[Date "2009.08.13"]
[Round "6.3"]
[White "Vazquez Torres, Adrian"]
[Black "Vlashki, Nino"]
[Result "0-1"]
[WhiteElo "2149"]
[BlackElo "2262"]
[PlyCount "88"]
[EventDate "2009.08.10"]
[EventType "swiss"]
[EventRounds "9"]
[EventCountry "ESP"]
[Source "lmi"]
[SourceDate "2009.08.10"]

1. e4 e5 2. Nf3 Nc6 3. d4 exd4 4. Nxd4 d6 5. Nxc6 bxc6 6. Nc3 g6 7. Bc4 Bg7 8.
O-O Be6 9. Qe2 Ne7 10. Bg5 h6 11. Bh4 g5 12. Bxe6 fxe6 13. Qh5+ Kd7 14. Bg3 Qe8
15. Qe2 e5 16. Na4 Qg6 17. c4 h5 18. h3 Rab8 19. Rfd1 Ke8 20. Rd3 c5 21. Nc3
Nc6 22. Qc2 Rb4 23. Nd5 Nd4 24. Rxd4 exd4 25. Nxb4 cxb4 26. Qa4+ Kd8 27. Qxb4
h4 28. Qb8+ Kd7 29. Qb5+ Kc8 30. Bh2 Re8 31. c5 Qxe4 32. cxd6 Qe1+ 33. Rxe1
Rxe1+ 34. Qf1 Rxf1+ 35. Kxf1 c5 36. Ke2 Kd7 37. Kd3 Bf8 38. b4 Bxd6 39. Bxd6
Kxd6 40. Kc4 cxb4 41. Kxd4 a5 42. Kc4 Kc6 43. g3 g4 44. f4 Kb6 0-1

[Event "4. Torneo de Promoción de Almansa A"]
[Site "Almansa ESP"]
[Date "2009.08.13"]
[Round "6.4"]
[White "Martin Rodriguez, Emilio"]
[Black "Laliena Solares, Luis M"]
[Result "0-1"]
[WhiteElo "2079"]
[BlackElo "2237"]
[PlyCount "46"]
[EventDate "2009.08.10"]
[EventType "swiss"]
[EventRounds "9"]
[EventCountry "ESP"]
[Source "lmi"]
[SourceDate "2009.08.10"]

1. d4 Nf6 2. c4 e5 3. dxe5 Ng4 4. Nf3 Bc5 5. e3 Nc6 6. Be2 O-O 7. O-O Re8 8.
Nc3 Ngxe5 9. b3 a5 10. Bb2 Nxf3+ 11. Bxf3 Ne5 12. Ne4 Bf8 13. Bh5 Ra6 14. f4
Ng6 15. Ng5 d5 16. f5 Qxg5 17. fxg6 Qxe3+ 18. Kh1 hxg6 19. Qxd5 gxh5 20. Qxf7+
Kh7 21. Qxc7 Rg6 22. Rg1 Bd6 23. Qxa5 Qf4 0-1

[Event "4. Torneo de Promoción de Almansa A"]
[Site "Almansa ESP"]
[Date "2009.08.13"]
[Round "6.5"]
[White "O`Neill Y Daneiko, Jose Antonio"]
[Black "Jimenez Martinez, Jose Vicente"]
[Result "0-1"]
[WhiteElo "2071"]
[BlackElo "2235"]
[PlyCount "78"]
[EventDate "2009.08.10"]
[EventType "swiss"]
[EventRounds "9"]
[EventCountry "ESP"]
[Source "lmi"]
[SourceDate "2009.08.10"]

1. e4 d6 2. Nf3 g6 3. d4 Bg7 4. c3 Nf6 5. Bd3 O-O 6. O-O Nc6 7. Re1 e5 8. Nbd2
Nh5 9. dxe5 Nxe5 10. Bc2 Qe7 11. h3 Bd7 12. Nf1 Bc6 13. g4 Nxf3+ 14. Qxf3 Nf6
15. Bg5 Rae8 16. Ng3 h6 17. Bxf6 Bxf6 18. Re2 Bg5 19. Rae1 a5 20. Qd3 Bf4 21.
Qf3 Qe5 22. Kg2 Re6 23. Bb3 Rf6 24. Qd3 b5 25. Nf1 a4 26. Bc2 Re6 27. f3 Qg5
28. Qd4 h5 29. Ne3 Be5 30. Qd2 Qh4 31. Nf1 Rf6 32. Qe3 hxg4 33. hxg4 a3 34. Bb3
Kg7 35. g5 Rf4 36. Ng3 Qxg5 37. Rh1 axb2 38. Rxb2 Rg4 39. Qxg5 Rxg5 0-1

[Event "4. Torneo de Promoción de Almansa A"]
[Site "Almansa ESP"]
[Date "2009.08.13"]
[Round "6.6"]
[White "Martinez Piqueras, Carlos Gustavo"]
[Black "Lopez Pereyra, Antonio"]
[Result "1/2-1/2"]
[WhiteElo "2125"]
[BlackElo "2102"]
[PlyCount "70"]
[EventDate "2009.08.10"]
[EventType "swiss"]
[EventRounds "9"]
[EventCountry "ESP"]
[Source "lmi"]
[SourceDate "2009.08.10"]

1. Nf3 f5 2. d4 Nf6 3. c4 e6 4. g3 Be7 5. Bg2 O-O 6. O-O d6 7. Nc3 Qe8 8. Re1
Qg6 9. b3 Ne4 10. Bb2 Bf6 11. e3 Nc6 12. Nd2 Nxc3 13. Bxc3 e5 14. d5 Nd8 15. f4
exf4 16. Bxf6 fxe3 17. Bxd8 exd2 18. Qxd2 Rxd8 19. Re7 Bd7 20. Rae1 Qf6 21. h4
a5 22. a4 Ra6 23. Kh2 Rb6 24. Qe3 f4 25. gxf4 Qxh4+ 26. Kg1 Qg4 27. f5 Qxf5 28.
Rxg7+ Kxg7 29. Qe7+ Kh6 30. Qh4+ Kg7 31. Qxd8 Rxb3 32. Qe7+ Kg8 33. Qd8+ Kg7
34. Qe7+ Kg8 35. Qd8+ Kg7 1/2-1/2

[Event "4. Torneo de Promoción de Almansa A"]
[Site "Almansa ESP"]
[Date "2009.08.13"]
[Round "7.1"]
[White "Vlashki, Nino"]
[Black "Chueca Forcen, Alberto"]
[Result "1-0"]
[WhiteElo "2262"]
[BlackElo "2288"]
[PlyCount "101"]
[EventDate "2009.08.10"]
[EventType "swiss"]
[EventRounds "9"]
[EventCountry "ESP"]
[Source "lmi"]
[SourceDate "2009.08.10"]

1. d4 d5 2. Nf3 Nc6 3. b3 Bf5 4. Ba3 Nf6 5. e3 e6 6. Bxf8 Rxf8 7. Bb5 Nd7 8.
O-O Nb4 9. a3 c6 10. axb4 cxb5 11. Na3 a6 12. c4 bxc4 13. bxc4 dxc4 14. Nxc4
Nb6 15. Na5 Qe7 16. Ne5 f6 17. Nd3 Nd5 18. Re1 Bxd3 19. Qxd3 Nxb4 20. Qxh7 Kf7
21. Reb1 b6 22. Nc4 Rfb8 23. g3 a5 24. h4 Rh8 25. Qe4 Rab8 26. Qf4 Nd5 27. Qf3
Rhc8 28. Ne5+ Kg8 29. Ng6 Qe8 30. Qg4 a4 31. e4 Nc3 32. Rb4 b5 33. Nf4 e5 34.
Ne6 Qe7 35. d5 Re8 36. h5 Rb7 37. Rb2 b4 38. h6 g5 39. Qf3 Rc8 40. Qf5 Ra8 41.
d6 Qf7 42. Nc5 Rb5 43. Nxa4 Nxa4 44. Rxa4 Rxa4 45. Qc8+ Qf8 46. h7+ Kxh7 47.
Qxf8 Ra1+ 48. Kg2 Rc5 49. Rxb4 Rcc1 50. Rb7+ Kg6 51. Qg8+ 1-0

[Event "4. Torneo de Promoción de Almansa A"]
[Site "Almansa ESP"]
[Date "2009.08.13"]
[Round "7.2"]
[White "Jimenez Martinez, Jose Vicente"]
[Black "Longa Yauca, Javier"]
[Result "1/2-1/2"]
[WhiteElo "2235"]
[BlackElo "2293"]
[PlyCount "145"]
[EventDate "2009.08.10"]
[EventType "swiss"]
[EventRounds "9"]
[EventCountry "ESP"]
[Source "lmi"]
[SourceDate "2009.08.10"]

1. d4 Nf6 2. c4 e6 3. Nc3 d5 4. Nf3 c6 5. Bg5 Nbd7 6. e3 Qa5 7. Nd2 Ne4 8.
Ndxe4 dxe4 9. Bh4 Bb4 10. Qb3 c5 11. a3 Bxc3+ 12. Qxc3 Qxc3+ 13. bxc3 f6 14.
Be2 b6 15. O-O Bb7 16. Rfd1 Ke7 17. f3 Rhd8 18. Bg3 exf3 19. Bxf3 Bxf3 20. gxf3
Rac8 21. d5 e5 22. a4 Rb8 23. Rdb1 a6 24. Rb2 Kd6 25. Kf2 f5 26. f4 e4 27. Bh4
Re8 28. Rab1 b5 29. axb5 axb5 30. cxb5 Nb6 31. Ra2 Rb7 32. Rd1 c4 33. Ra5 Reb8
34. h3 Rd7 35. Rd4 Rbb7 36. Ke2 Ra7 37. Rxa7 Rxa7 38. Bd8 Ra2+ 39. Ke1 Nxd5 40.
Rxc4 Nxe3 41. Rc7 Nd5 42. Rxg7 e3 43. Rg3 Kc5 44. b6 Kc4 45. b7 Rb2 46. Rg7 Kd3
47. Kf1 Rb1+ 48. Kg2 Nxf4+ 49. Kh2 Rb2+ 50. Kh1 e2 51. Bh4 Rb1+ 52. Kh2 Kxc3
53. Rxh7 Nd3 54. Kg2 Kd2 55. Rd7 f4 56. Kf3 Rf1+ 57. Ke4 e1=Q+ 58. Bxe1+ Rxe1+
59. Kd4 Rb1 60. Ke4 Rb4+ 61. Rd4 Rxb7 62. Rxd3+ Ke2 63. Ra3 Rb4+ 64. Kf5 f3 65.
Kg5 Rd4 66. h4 f2 67. Ra1 Rd1 68. Ra2+ Kf3 69. Rxf2+ Kxf2 70. h5 Kg3 71. h6
Rd5+ 72. Kg6 Rd6+ 73. Kg7 1/2-1/2

[Event "4. Torneo de Promoción de Almansa A"]
[Site "Almansa ESP"]
[Date "2009.08.13"]
[Round "7.3"]
[White "Serna Lara, Sergio"]
[Black "Laliena Solares, Luis M"]
[Result "1/2-1/2"]
[WhiteElo "2234"]
[BlackElo "2237"]
[PlyCount "107"]
[EventDate "2009.08.10"]
[EventType "swiss"]
[EventRounds "9"]
[EventCountry "ESP"]
[Source "lmi"]
[SourceDate "2009.08.10"]

1. d4 Nf6 2. Nf3 e6 3. c4 b6 4. g3 Ba6 5. Qc2 Bb4+ 6. Bd2 Be7 7. e4 d5 8. cxd5
Bxf1 9. Kxf1 exd5 10. e5 Ne4 11. Nc3 Nxc3 12. Bxc3 Qd7 13. Kg2 Nc6 14. a3 Nd8
15. h4 Ne6 16. Rac1 c5 17. dxc5 bxc5 18. b4 h6 19. bxc5 Bxc5 20. Bb4 Bxb4 21.
axb4 O-O 22. Qd3 Rab8 23. Rhd1 Rb5 24. Nd4 Rxb4 25. Nc6 Rxh4 26. Kg1 Ra4 27.
Qxd5 Qxd5 28. Rxd5 Kh7 29. Rb1 Rc8 30. Rd6 Rc7 31. Rb8 a5 32. Ra8 Ra1+ 33. Kg2
a4 34. Nd4 Ng5 35. e6 fxe6 36. Nxe6 Nxe6 37. Rxe6 Ra2 38. Rea6 Rf7 39. Rxa4
Rfxf2+ 40. Kh3 Rh2+ 41. Kg4 Raf2 42. R8a5 Rf6 43. Ra6 h5+ 44. Kg5 Rf3 45. Ra3
Rf7 46. Ra7 Rf6 47. R7a6 Rxa6 48. Rxa6 Rh3 49. Kf4 g6 50. Ra8 Kh6 51. Rh8+ Kg7
52. Ra8 Kf6 53. Ra6+ Kg7 54. Ra8 1/2-1/2

[Event "4. Torneo de Promoción de Almansa A"]
[Site "Almansa ESP"]
[Date "2009.08.13"]
[Round "7.4"]
[White "Bravo Barranco, Narciso"]
[Black "Sanchez Saez, Francisco"]
[Result "1-0"]
[WhiteElo "2263"]
[BlackElo "2183"]
[PlyCount "80"]
[EventDate "2009.08.10"]
[EventType "swiss"]
[EventRounds "9"]
[EventCountry "ESP"]
[Source "lmi"]
[SourceDate "2009.08.10"]

1. e4 c5 2. Nf3 d6 3. Bb5+ Bd7 4. a4 Nc6 5. O-O g6 6. Re1 Bg7 7. c3 a6 8. Bxc6
Bxc6 9. d4 b5 10. d5 Bb7 11. Qb3 Qa5 12. Na3 Qxa4 13. Qxa4 bxa4 14. Nc4 Nf6 15.
Rxa4 Nd7 16. Bf4 O-O 17. Bg3 f6 18. Nfd2 Ne5 19. Bxe5 fxe5 20. Na5 Bc8 21. Ndc4
Ra7 22. Nc6 Rc7 23. Rea1 Rf4 24. f3 g5 25. Nb6 Bb7 26. Nd8 Bc8 27. Nxc8 Rxc8
28. Nc6 Kf7 29. Rxa6 g4 30. Rf1 gxf3 31. Rxf3 Rxf3 32. gxf3 Bh6 33. Kf2 Bc1 34.
b4 cxb4 35. cxb4 Bb2 36. b5 Rc7 37. b6 Rd7 38. Ra7 Ke8 39. b7 Rd8 40. Ra8 Rxa8
1-0

[Event "4. Torneo de Promoción de Almansa A"]
[Site "Almansa ESP"]
[Date "2009.08.13"]
[Round "7.5"]
[White "Nava Pereda, Carlos"]
[Black "Vazquez Torres, Adrian"]
[Result "1-0"]
[WhiteElo "2258"]
[BlackElo "2149"]
[PlyCount "129"]
[EventDate "2009.08.10"]
[EventType "swiss"]
[EventRounds "9"]
[EventCountry "ESP"]
[Source "lmi"]
[SourceDate "2009.08.10"]

1. c4 c5 2. Nc3 Nf6 3. g3 d5 4. cxd5 Nxd5 5. Bg2 Nxc3 6. bxc3 g6 7. Qa4+ Bd7 8.
Qb3 Nc6 9. Qxb7 Rc8 10. Qa6 Bg7 11. Rb1 O-O 12. Nh3 Rb8 13. Rxb8 Qxb8 14. O-O
Ne5 15. d3 Qb6 16. Qa3 Bc6 17. Nf4 Bxg2 18. Nxg2 Qc6 19. Ne3 Rb8 20. d4 Nd7 21.
Rd1 cxd4 22. cxd4 Rb1 23. d5 Qc3 24. Qxc3 Bxc3 25. Ba3 Rxd1+ 26. Nxd1 Bf6 27.
e4 Kf8 28. Kf1 Ne5 29. Ne3 Nf3 30. Ke2 Nd4+ 31. Kd3 Nf3 32. h4 Bd4 33. Nc4 Ke8
34. Nd2 Ne1+ 35. Kxd4 Nc2+ 36. Kc5 Nxa3 37. Kc6 Kd8 38. Kb7 Kd7 39. Kxa7 e6 40.
dxe6+ Kxe6 41. Kb6 Kd6 42. Ka5 Kc5 43. Ka4 Nb5 44. Kb3 Nd4+ 45. Kb2 Nc6 46. Kc3
h5 47. a4 Ne5 48. f4 Ng4 49. Nb3+ Kb6 50. Kd4 Nf2 51. Ke3 Nd1+ 52. Kd4 Nf2 53.
Nc5 Kc6 54. e5 Nh1 55. Ne4 Kb6 56. Kc4 Ka5 57. Kb3 Kb6 58. Kb4 Ka6 59. a5 Ka7
60. Kb5 Ka8 61. Kb6 Kb8 62. a6 Ka8 63. a7 g5 64. fxg5 Nxg3 65. Nxg3 1-0

[Event "4. Torneo de Promoción de Almansa A"]
[Site "Almansa ESP"]
[Date "2009.08.13"]
[Round "7.6"]
[White "Lopez Pereyra, Antonio"]
[Black "Castano, Henry Augusto"]
[Result "1-0"]
[WhiteElo "2102"]
[BlackElo "2203"]
[PlyCount "77"]
[EventDate "2009.08.10"]
[EventType "swiss"]
[EventRounds "9"]
[EventCountry "ESP"]
[Source "lmi"]
[SourceDate "2009.08.10"]

1. e4 e5 2. f4 exf4 3. Nf3 h6 4. b3 Be7 5. Bc4 d5 6. exd5 Nf6 7. Nc3 O-O 8. O-O
c6 9. dxc6 Nxc6 10. Kh1 Qa5 11. Bb2 Bg4 12. Ne2 b5 13. Bd3 g5 14. a4 b4 15. Ra2
Rad8 16. Qa1 Rd6 17. Ned4 Nxd4 18. Nxd4 Nh5 19. Qe1 Bf6 20. Qe4 Rfd8 21. Qh7+
Kf8 22. Bc4 Bg7 23. Nb5 Rg6 24. Bxg7+ Nxg7 25. Re1 Be6 26. Bd3 Rxd3 27. cxd3
Qb6 28. d4 a6 29. d3 axb5 30. axb5 Qxd4 31. Qh8+ Ke7 32. Ra8 f3 33. Re8+ Kd6
34. Rd8+ Bd7 35. Qf8+ Kc7 36. Rc1+ Qc3 37. Rxc3+ bxc3 38. Ra8 Bg4 39. Qxf7+ 1-0